00492 2200181 4500001002100000005001500021035002000036007000300056008004100059020002200100082001200122084001800134100001900152245005100171260004000222300003000262650001800292INLIS00000000000127520241016113423 a0010-1024000124ta241016 b 1 ind  a978-623-118-679-9 a808.301 a808.301 ERL p0 aErlita Pratiwi1 aPencurian di Rumah Bernyanyi /cErlita Pratiwi aJakarta :bKemendikbudristek,c2023 a98 hlm. :bilus. ;c21 cm 4aCerita pendek